Railway Allan and Time Table (Record no. 6683)
[ view plain ]
| 000 -LEADER | |
|---|---|
| fixed length control field | 00296nam a2200133Ia 4500 |
| 008 - FIXED-LENGTH DATA ELEMENTS--GENERAL INFORMATION | |
| fixed length control field | 220524s9999 xx 000 0 und d |
| 041 ## - LANGUAGE CODE | |
| Language code of text/sound track or separate title | eng |
| 082 ## - DEWEY DECIMAL CLASSIFICATION NUMBER | |
| Classification number | --- |
| 100 ## - MAIN ENTRY--PERSONAL NAME | |
| Personal name | Ed. By R.P.Arya |
| 9 (RLIN) | 6100 |
| 245 ## - TITLE STATEMENT | |
| Title | Railway Allan and Time Table |
| 260 ## - PUBLICATION, DISTRIBUTION, ETC. (IMPRINT) | |
| Name of publisher, distributor, etc. | - |
| 650 ## - SUBJECT ADDED ENTRY--TOPICAL TERM | |
| Topical term or geographic name as entry element | Genral |
| 9 (RLIN) | 6101 |
| 906 ## - LOCAL DATA ELEMENT F, LDF (RLIN) | |
| a | 298 |
| Withdrawn status | Lost status | Damaged status | Not for loan | Home library | Current library | Date acquired | Cost, normal purchase price | Total Checkouts | Full call number | Barcode | Date last seen | Cost, replacement price | Bill Date | Koha item type | Original Barcode |
|---|---|---|---|---|---|---|---|---|---|---|---|---|---|---|---|
| School of Fashion Technology | School of Fashion Technology | 08/09/2001 | 36.00 | --- | SOFT-BK-2113 | 08/07/2022 | 36.00 | 08/07/2022 | Books | 002113 |